| 000 | 00000nas 2200000za 4500 |
| 001 | 9.503251 |
| 003 | CaOODSP |
| 005 | 20250910142444 |
| 007 | cr ||||||||||| |
| 008 | 150406c20129999oncqr p o f0 a0fre|d |
| 022 | |a1927-7628 |
| 040 | |aCaOODSP|bfre |
| 043 | |an-cn--- |
| 086 | 1 |aD12-16F-PDF |
| 110 | 1 |aCanada. |bMinistère de la défense nationale. |
| 222 | 3|aLa revue de l'Aviation royale canadienne |b(En ligne) |
| 245 | 03|aLa revue de l'Aviation royale canadienne |h[ressource électronique]. |
| 260 | |a[Ottawa] : |bDéfense nationale, |c[2012]- |
| 310 | |aTrimestriel |
| 362 | 1 |aParaît depuis: vol. 1, n° 1 (hiver 2012). |
| 500 | |aPubl. aussi en anglais sous le titre : The Royal Canadian Air Force journal. |
| 520 | 3 |aIl s’agit d’un forum pour discuter de concepts, de questions et d’idées qui sont essentielles à la puissance aérospatiale. Conçue pour diffuser les idées et opinions non seulement du personnel de la Force aérienne, mais aussi des civils qui s’intéressent aux questions relatives à la puissance aérospatiale. |
| 550 | |aPubl. par le Centre de guerre aérospatiale des Forces canadiennes. |
| 692 | 07|2gccst|aForces armées |
| 692 | 07|2gccst|aFormation professionnelle |
| 710 | 2 |aCentre de guerre aérospatiale des Forces canadiennes. |
| 710 | 1 |aCanada. |bMinistère de la défense nationale, |eorganisme de publication. |
| 775 | 08|tThe Royal Canadian Air Force journal |w(CaOODSP)9.506855 |
| 776 | 0#|tLa revue de l'Aviation royale canadienne / |w(CaOODSP)9.512371 |
| 780 | 00|tRevue de la Force aérienne du Canada |w(CaOODSP)9.501745 |